| 000 | 00758nam a2200289Ia 4500 | ||
|---|---|---|---|
| 008 | 160803s9999 xx 000 0 und d | ||
| 020 | _a9780590425674 | ||
| 100 | _aCarle, Eric | ||
| 245 | 2 | _aA house for Hermit Crab / | |
| 245 | _cEric Carle. | ||
| 260 | _aNew York : | ||
| 260 | _bScholastic Inc. | ||
| 260 | _c1987 | ||
| 300 | _a32 unnumbered pages : | ||
| 300 | _bcolor illustrations ; | ||
| 300 | _c29 cm | ||
| 500 | _aReprint: Originally published: Saxonville, Mass. : Picture Book Studio, ©1987. | ||
| 650 | _aCrabs -- | ||
| 650 | _aDwellings -- | ||
| 650 | _aHermit crabs -- | ||
| 650 | _aMarine animals -- | ||
| 650 | _xFiction. | ||
| 650 | _xFiction. | ||
| 650 | _xFiction. | ||
| 650 | _xFiction. | ||
| 700 | _a480 | ||
| 999 |
_c299299 _d299299 |
||